[Event "ESP-ch U12"]
[Site "Salobrena"]
[Date "2023.07.11"]
[Round "3"]
[White "Rumbo Picazo, Jaime"]
[Black "Serna Puerto, Lorenzo"]
[Result "0-1"]
[WhiteElo "1361"]
[BlackElo "1632"]
[PlyCount "112"]
[EventDate "2023.07.10"]
[EventType "swiss"]
[EventRounds "9"]
[EventCountry "ESP"]
[SourceTitle "EXT 2024"]
[Source "ChessBase"]
[SourceDate "2023.10.10"]
[SourceVersion "1"]
[SourceVersionDate "2023.10.10"]
[SourceQuality "1"]

1. d4 d5 2. c4 e6 3. Nc3 c5 4. cxd5 exd5 5. dxc5 d4 6. Ne4 Bf5 7. Ng3 Bg6 8. e3 Bxc5 9. exd4 Bxd4 10. Bb5+ Nc6 11. Bxc6+ bxc6 12. Nf3 Bf6 13. 0-0 Ne7 14. Bg5 Qxd1 15. Raxd1 Bxb2 16. Bxe7 Kxe7 17. Rfe1+ Kf8 18. Rd7 Rc8 19. h4 h5 20. Ree7 Bf6 21. Rc7 Rd8 22. Red7 Ke8 23. Rxd8+ Kxd8 24. Rxa7 Re8 25. Ra8+ Kd7 26. Rxe8 Kxe8 27. Kf1 Kd7 28. Ke2 c5 29. Kd2 Kc6 30. Ne2 Be4 31. Nf4 Bxf3 32. gxf3 g6 33. Ng2 Kb5 34. Kd3 c4+ 35. Kc2 Kb4 36. f4 Ka4 37. a3 Kb5 38. Kd2 Be7 39. Kc3 Bxa3 40. f5 Bb4+ 41. Kc2 Be7 42. fxg6 fxg6 43. f3 g5 44. Kc3 Bf6+ 45. Kc2 Ka4 46. hxg5 Bxg5 47. Kc3 Kb5 48. Ne1 h4 49. Nc2 Bf6+ 50. Nd4+ Bxd4+ 51. Kxd4 h3 52. f4 h2 53. f5 h1Q 54. Ke5 Qh5 55. Ke6 Qxf5+ 56. Kxf5 c3 0-1